Acronymes - 4 lettres - A - Statistiques

Statistiques générales
  • Ce quiz a été pris 91 fois
  • Le résultat moyen est 5 sur 44
Statistiques - réponses
Hint Réponse % Correct
ASAP As
99%
As
99%
Possible
94%
Soon
93%
AELE Association
24%
AFEP Association
24%
Current
17%
Current
17%
Française
12%
Direct
11%
AIEA Agence
8%
Enseignement
6%
Internationale
6%
Recherche
6%
Atomique
5%
Énergie
5%
And
4%
ATER Attaché
4%
ACDC Alternating
2%
AJAX Asynchronous
2%
Européenne
2%
Libre
2%
Line
2%
Temporaire
2%
Per
1%
Sensory
1%
APEC (Anglais) Asia
0%
ADSL Asymmetric
0%
ASMR Autonomous
0%
ARPU Average
0%
Cooperation
0%
Digital
0%
Échange
0%
Economic
0%
Entreprises
0%
JavaScript
0%
Meridian
0%
Pacific
0%
Privées
0%
Response
0%
Revenue
0%
Subscriber
0%
User
0%
XML
0%
Aucun quiz correspondant
Distribution des résultats
% des personnes avec chaque résultat
Percentile par nombre de réponses
Votre historique - résultats
Vous n’avez pas pris ce quiz